| 000 | 01252nam a2200337 a 4500 | ||
|---|---|---|---|
| 001 | 000109729 | ||
| 003 | CHAP | ||
| 005 | 20220329144101.0 | ||
| 008 | 140522s2014 mx sm |||||||spa d | ||
| 010 | _a106191 | ||
| 011 | _a107163 | ||
| 040 | _cCHAP | ||
| 090 | _aTesis | ||
| 100 | 1 |
_aGonzález Vargas, Elvira _9126997 |
|
| 245 | 1 | 0 |
_aEvaluación de sustentabilidad y conflicto en el uso de los recursos comunes; caso del agua, en el pilón, Querétaro _h[En línea] _cpor Elvira González Vargas. |
| 260 |
_aChapingo, Méx. : _bEl autor, _c2014. |
||
| 500 | _aPara ver el contenido del material haga clic en la liga | ||
| 502 | _aTesis (Ing. en Recursos Naturales Renovables) -- UACH. Departamento de Suelos | ||
| 590 |
_aBATCH-UPD _b05 _c20141002 _lUCH01 _h0904 |
||
| 590 |
_aE6096MTM _b05 _c20140522 _lUCH01 _h1013 |
||
| 590 |
_aE6096MTM _b05 _c20140522 _lUCH01 _h1015 |
||
| 650 | 1 | 4 |
_aAgua _xAbastecimiento _xQuerétaro. _92260 |
| 650 | 1 | 4 |
_aAgua _xAprovechamiento _xQuerétaro. _92301 |
| 650 | 1 | 4 |
_aBalance hídrico. _99602 |
| 650 | 1 | 4 |
_aEvaluación. _938913 |
| 650 | 1 | 4 |
_aRecursos naturales _xQuerétaro. _995309 |
| 856 |
_aFinding aid _uhttp://10.13.5.2/tesis/sist109729.pdf _zTeclea aquí |
||
| 901 | _aBK | ||
| 942 | _cTESIS | ||
| 942 | _n0 | ||
| 999 |
_c106191 _d106191 |
||